000
00302nam a2200133Ia 4500
005
20251222143230.0
008
251222s9999||||xx |||||||||||||| ||spa||
020
_a
978-84-252-2478-2
082
_a
659.11/M16
100
_a
Mahon, Nik
245
0
_a
Ideación:
264
_b
Gustavio Gili
942
_c
LIB
999
_c
14144
_d
14144